| 000 | 00490nam a2200181Ia 4500 | ||
|---|---|---|---|
| 001 | 13165 | ||
| 005 | 20260306163033.0 | ||
| 008 | 260306t2001||||xx |||||||||||||| ||spa|| | ||
| 041 | _aESP | ||
| 082 |
_a001.4 _bK89 |
||
| 100 |
_aKuehl, Robert O. _eAUT |
||
| 245 | 0 |
_aDiseño de experimentos: _bprincipios estadísticos de diseño y análisis de investigación |
|
| 260 | _c2001 | ||
| 300 |
_axiv, 666 páginas : _c24 cm. |
||
| 650 | _aGEN | ||
| 654 | _aCHU | ||
| 942 |
_cLIB _dJUS _fJUS _2ddc _n |
||
| 999 |
_c13165 _d13165 |
||